Joy of learning (Record no. 238611)

MARC details
000 -LEADER
fixed length control field 00458nam a2200181Ia 4500
003 - CONTROL NUMBER IDENTIFIER
control field OSt
005 - DATE AND TIME OF LATEST TRANSACTION
control field 20260312151213.0
008 - FIXED-LENGTH DATA ELEMENTS--GENERAL INFORMATION
fixed length control field 250729s1995 xx 000 0 und d
040 ## - CATALOGING SOURCE
Transcribing agency AL
041 ## - LANGUAGE CODE
Language code of text/sound track or separate title eng
082 ## - DEWEY DECIMAL CLASSIFICATION NUMBER
Classification number 372.8 CENJ
100 ## - MAIN ENTRY--PERSONAL NAME
Personal name Center for Enviournment Education
9 (RLIN) 230097
245 ## - TITLE STATEMENT
Title Joy of learning
260 ## - PUBLICATION, DISTRIBUTION, ETC.
Place of publication, distribution, etc. Ahamadabad
Name of publisher, distributor, etc. Center for Enviournment Education
Date of publication, distribution, etc. 1995
300 ## - PHYSICAL DESCRIPTION
Extent 75p
650 ## - SUBJECT ADDED ENTRY--TOPICAL TERM
Topical term or geographic name entry element Education
9 (RLIN) 230098
942 ## - ADDED ENTRY ELEMENTS (KOHA)
Source of classification or shelving scheme Dewey Decimal Classification
Koha item type School of Education
Holdings
Withdrawn status Lost status Damaged status Not for loan Home library Current library Date acquired Source of acquisition Total Checkouts Full call number Barcode Date last seen Price effective from Koha item type
        St Aloysius Library St Aloysius Library 07/29/2025 Management Books   372.8 CENJ BED03930 07/29/2025 07/29/2025 Book